[Event "Dortmund Sparkassen op 47th"]
[Site "Dortmund"]
[Date "2019.07.21"]
[Round "9"]
[White "Groneberg, Joerg"]
[Black "Klueting, Reiner"]
[Result "0-1"]
[WhiteElo "1921"]
[BlackElo "1973"]
[PlyCount "82"]
[EventDate "2019.07.13"]
[EventType "swiss"]
[EventRounds "9"]
[EventCountry "GER"]
[SourceTitle "EXT 2020"]
[Source "ChessBase"]
[SourceDate "2019.10.17"]
[SourceVersion "1"]
[SourceVersionDate "2019.10.17"]
[SourceQuality "1"]

1. c4 e5 2. g3 Nf6 3. Bg2 c6 4. d4 e4 5. Nc3 d5 6. Bg5 Nbd7 7. Nh3 h6 8. Bf4 Bb4 9. cxd5 Bxc3+ 10. bxc3 cxd5 11. Bd6 Nb6 12. Be5 0-0 13. 0-0 Ng4 14. Bf4 Nc4 15. Qc1 f5 16. f3 Nf6 17. Be5 Nd7 18. f4 Qa5 19. Nf2 Ndxe5 20. fxe5 Bd7 21. h4 Rac8 22. Qf4 Qxc3 23. Rfd1 Qe3 24. Qxe3 Nxe3 25. Rdc1 Nc2 26. Rab1 b6 27. Rb2 Ne3 28. Re1 Rc4 29. Rd2 Nc2 30. Rc1 Rfc8 31. Nd1 Na3 32. Rxc4 Nxc4 33. Rc2 Ba4 34. Rc1 Bxd1 35. Rxd1 Ne3 36. Rd2 g6 37. Bh3 h5 38. Kf2 Rc3 39. Bg2 Kf7 40. Bh3 Ke6 41. Bg2 Ng4+ 0-1

[Event "Dortmund Sparkassen op 47th"]
[Site "Dortmund"]
[Date "2019.07.20"]
[Round "8"]
[White "Ball, Joerg"]
[Black "Groneberg, Joerg"]
[Result "1/2-1/2"]
[WhiteElo "1961"]
[BlackElo "1921"]
[PlyCount "83"]
[EventDate "2019.07.13"]
[EventType "swiss"]
[EventRounds "9"]
[EventCountry "GER"]
[SourceTitle "EXT 2020"]
[Source "ChessBase"]
[SourceDate "2019.10.17"]
[SourceVersion "1"]
[SourceVersionDate "2019.10.17"]
[SourceQuality "1"]

1. e4 c5 2. Nf3 g6 3. d4 cxd4 4. Nxd4 Nf6 5. Nc3 Nc6 6. Nb3 Bg7 7. Be2 0-0 8. 0-0 d6 9. Be3 a6 10. a4 Be6 11. f4 Rb8 12. g4 Bxb3 13. cxb3 Nd7 14. g5 Qa5 15. Rc1 Nc5 16. Bxc5 dxc5 17. e5 Rfd8 18. Qe1 Nd4 19. Bd1 Qb4 20. Ne4 Qxe1 21. Rxe1 Ne6 22. Rf1 b6 23. Bc2 Rd4 24. Kg2 Rb4 25. Rf3 Nd4 26. Re3 c4 27. Bd1 cxb3 28. Rcc3 Ne6 29. Kf3 Rxa4 30. Bxb3 Nd4+ 31. Kf2 Nxb3 32. Rxb3 h6 33. h4 Kf8 34. Kf3 Rd4 35. Nc5 b5 36. Nxa6 Rb6 37. Nc5 Ke8 38. Red3 Rxd3+ 39. Rxd3 hxg5 40. hxg5 Rc6 41. Nb7 f6 42. gxf6 1/2-1/2

[Event "Moehnesee Cup-A 37th"]
[Site "Moehnesee"]
[Date "2011.09.04"]
[Round "7"]
[White "Busche, Klaus"]
[Black "Groneberg, Joerg"]
[Result "1/2-1/2"]
[WhiteElo "2053"]
[BlackElo "1901"]
[PlyCount "100"]
[EventDate "2011.09.01"]
[EventType "swiss"]
[EventRounds "7"]
[EventCountry "GER"]
[SourceTitle "EXT 2013"]
[Source "ChessBase"]
[SourceDate "2012.11.22"]
[SourceVersion "1"]
[SourceVersionDate "2012.11.22"]
[SourceQuality "1"]

1. Nf3 d5 2. d4 g6 3. e3 Bg7 4. Bd3 Nf6 5. Nbd2 0-0 6. b3 c5 7. Bb2 b6 8. Qe2 Bb7 9. 0-0 Ne4 10. Rac1 f5 11. c4 e6 12. Rfd1 Nc6 13. Bb1 a5 14. a4 g5 15. Ne5 Nxe5 16. dxe5 Qc7 17. f4 gxf4 18. exf4 Nxd2 19. Rxd2 d4 20. Rf1 Rad8 21. Bd3 Qf7 22. Bc1 Kh8 23. Kf2 Qg6 24. Ke1 Qh6 25. g3 Rg8 26. Kd1 Bf8 27. Kc2 Rd7 28. Qe1 Qh3 29. Rff2 h5 30. Bf1 Qg4 31. Be2 Be4+ 32. Kb2 Qg6 33. Bf3 Rh7 34. Rde2 Bd3 35. Rd2 Be4 36. Rde2 Bxf3 37. Rxf3 Qg4 38. Rd3 h4 39. Bd2 hxg3 40. Rxg3 Qh5 41. Rxg8+ Kxg8 42. Rg2+ Rg7 43. Rxg7+ Bxg7 44. Qh1 Qe2 45. Kc1 Qd3 46. Qc6 Qxb3 47. Qxe6+ Kh8 48. Qe8+ Kh7 49. Qh5+ Kg8 50. Qe8+ Kh7 1/2-1/2

[Event "Moehnesee Cup-A 37th"]
[Site "Moehnesee"]
[Date "2011.09.03"]
[Round "5"]
[White "Effertz, Josef"]
[Black "Groneberg, Joerg"]
[Result "0-1"]
[WhiteElo "2037"]
[BlackElo "1901"]
[PlyCount "70"]
[EventDate "2011.09.01"]
[EventType "swiss"]
[EventRounds "7"]
[EventCountry "GER"]
[SourceTitle "EXT 2013"]
[Source "ChessBase"]
[SourceDate "2012.11.22"]
[SourceVersion "1"]
[SourceVersionDate "2012.11.22"]
[SourceQuality "1"]

1. e4 d5 2. exd5 Qxd5 3. Nc3 Qa5 4. d4 c6 5. Bc4 Bf5 6. Bd2 Nf6 7. Nd5 Qd8 8. Nxf6+ exf6 9. Qe2+ Qe7 10. 0-0-0 Qxe2 11. Nxe2 Bd6 12. Bf4 Bxf4+ 13. Nxf4 0-0 14. f3 g5 15. g4 Bg6 16. Nxg6 hxg6 17. h4 Nd7 18. h5 Nb6 19. Bd3 Kg7 20. Rd2 Rh8 21. Rdh2 Rad8 22. h6+ Kh7 23. c3 c5 24. dxc5 Rxd3 25. cxb6 axb6 26. Re1 Rhd8 27. Re7 R8d7 28. Rxd7 Rxd7 29. Kc2 f5 30. a4 fxg4 31. fxg4 f5 32. gxf5 gxf5 33. Re2 Kxh6 34. Re6+ Kh5 35. Rxb6 g4 0-1